|
|
|
|
| LEADER |
01115naa a2200241 i 4500 |
| 001 |
acta61972 |
| 005 |
20230612133705.0 |
| 008 |
190725s2019 hu o 1|| eng d |
| 024 |
7 |
|
|a 10.14232/tnpr.2019.pl11
|2 doi
|
| 040 |
|
|
|a SZTE Egyetemi Kiadványok Repozitórium
|b hun
|
| 041 |
|
|
|a eng
|
| 100 |
1 |
|
|a Ferreira Maria-José U.
|
| 245 |
1 |
0 |
|a Exploring plant metabolites to overcome multidrug resistance in cancer chemotherapy
|h [elektronikus dokumentum] :
|b [abstract] /
|c Ferreira Maria-José U.
|
| 260 |
|
|
|a Phytochemical Society of Europe ; University of Szeged
|b Leicester ; Szeged
|c 2019
|
| 300 |
|
|
|a 35
|
| 490 |
0 |
|
|a Trends in Natural Product Research – PSE Young Scientists’ Meeting
|
| 650 |
|
4 |
|a Természettudományok
|
| 650 |
|
4 |
|a Kémiai tudományok
|
| 650 |
|
4 |
|a Orvos- és egészségtudomány
|
| 650 |
|
4 |
|a Általános orvostudomány
|
| 695 |
|
|
|a Növénykémia - természetes anyagok - előadáskivonat, Gyógyszertan - előadáskivonat
|
| 711 |
|
|
|a Trends in Natural Product Research
|c Budapest
|d 2019. június 19-21.
|
| 856 |
4 |
0 |
|u http://acta.bibl.u-szeged.hu/61972/1/ysm_2019_035.pdf
|z Dokumentum-elérés
|